000 00322nam a2200133Ia 4500
008 240624s9999 xx 000 0 und d
041 _aeng
082 _a338.1 CHA
100 _aCHANG HA JOON
245 _aPUBLIC POLICY AND AGRICULTURAL DEVELOPME
260 _c2011
_bRoutledge
300 _a320 : p.
365 _cGBP
_b28
999 _c21771
_d21771